Statistics for Orlando Magic Roster

Click here to take the quiz!

General Stats

  • This quiz has been taken 9 times
  • The average score is 9 of 17

Answer Stats

HintAnswer% Correct
PGCole Anthony
100%
SGJalen Suggs
100%
PGMarkelle Fultz
100%
CWendell Carter Jr.
75%
SFFranz Wagner
63%
PFJonathan Isaac
63%
SGMoritz Wagner
63%
PFChuma Okeke
50%
SGGary Harris
50%
CMo Bamba
50%
SGTerrance Ross
50%
PFAdmiral Schofield
25%
CBol Bol
25%
CRobin Lopez
25%
PGR.J. Hampton
13%
GDevin Cannady
0%
SFIgnas Brazdeikis
0%

Score Distribution

Percentile by Number Answered

Percent of People with Each Score

Your Score History

You have not taken this quiz